MARC

LEADER 00000nam0a2200000 4500
001 294507
005 20231102000715.0
020 |a RU  |b 84-15335 
035 |a (RuTPU)RU\TPU\book\319580 
090 |a 294507 
100 |a 20150514d1984 km y0rusy5003 ca 
101 0 |a rus 
102 |a BY 
105 |a a z 001zy 
200 1 |a Статистическая теория электромагнитной совместимости радиоэлектронных средств  |f А. Ф. Апорович  |g под ред. В. Я. Аверьянова 
210 |a Минск  |c Наука и техника  |d 1984 
215 |a 215 с.  |c ил. 
320 |a Библиогр.: с. 210-213 
606 1 |a Радиоэлектронная аппаратура  |x Совместимость электромагнитная  |x Статистические методы изучения  |2 stltpush  |3 (RuTPU)RU\TPU\subj\23489  |9 48076 
610 1 |a электромагнитная обстановка 
610 1 |a радиоприемные устройства 
610 1 |a радиосигналы 
610 1 |a линейная селекция 
610 1 |a статистическая теория 
610 1 |a вероятностная оценка 
610 1 |a энергетическая оценка 
610 1 |a радиотехнические системы 
610 1 |a вероятностно-энергетический расчет 
675 |a 621.396.6:621.391.8  |z rus  |v 4 
700 1 |a Апорович  |b А. Ф.  |g Андрей Федорович  |4 070 
702 1 |a Аверьянов  |b В. Я.  |4 340 
801 0 |a RU  |b RuMRKP  |c 19950704  |g psbo 
801 1 |a RU  |b 63413507  |c 20150514 
801 2 |a RU  |b 63413507  |c 20181128  |g RCR 
942 |c BK